00680 2200193 4500245008900000020002300089250001100112700001600123700001800139700001800157650003600175005001900211260003300230041001400263084000800277500012500285490006700410336000900477 aSejarah Nasional Indonesia Volume 7 ( Dibawah Kolonialisme Barat)cY. AgustonohText a978-979-3535-418-8 aCet. 2 aY. Agustono aReny Abarwati aNino Oktorino aEnsiklopedia Sejarah Dan Budaya a20231124100118 aJakartabLENTERA ABADIc2009 aIndonesia a903 aDaftar IsI : Di Bawah Kolonialisme Barat ( Kedatangan Bangsa Barat, Bangsa Portugis Di Nusantara, Negara Kongsi Dagang ) aEnsiklopedia Sejarah Dan Budaya : Sejarah Nasional Indonesia 7 atext